<?xml version="1.0" encoding="UTF-8"?>
<record
    xmlns:xsi="http://www.w3.org/2001/XMLSchema-instance"
    xsi:schemaLocation="http://www.loc.gov/MARC21/slim http://www.loc.gov/standards/marcxml/schema/MARC21slim.xsd"
    xmlns="http://www.loc.gov/MARC21/slim">

  <leader>00965naa a22002297i 4500</leader>
  <controlfield tag="001">232519</controlfield>
  <controlfield tag="003">ES-MaBCM</controlfield>
  <controlfield tag="005">20260226140653.0</controlfield>
  <controlfield tag="008">260226s2026    sp ||||| |||| 00| 0 spa d</controlfield>
  <datafield tag="040" ind1=" " ind2=" ">
    <subfield code="c">ES-MaBCM</subfield>
  </datafield>
  <datafield tag="100" ind1="1" ind2=" ">
    <subfield code="a">Escudero Moratalla, Jos&#xE9; Francisco</subfield>
    <subfield code="9">14352</subfield>
  </datafield>
  <datafield tag="245" ind1="0" ind2="4">
    <subfield code="a">La &#xAB;carga&#xBB; de trabajo en la Administraci&#xF3;n de justicia :</subfield>
    <subfield code="b">de la &#xAB;celularidad&#xBB; (juzgado) a la &#xAB;capilaridad&#xBB; (tribunal de instancia) : reflexiones</subfield>
    <subfield code="c">Jos&#xE9; Francisco Escudero Moratalla, Daniel Corchete Figueras, Sonia Alarc&#xF3;n Casermeiro</subfield>
  </datafield>
  <datafield tag="504" ind1=" " ind2=" ">
    <subfield code="a">Incluye referencias bibliogr&#xE1;ficas</subfield>
  </datafield>
  <datafield tag="504" ind1=" " ind2=" ">
    <subfield code="a">Incluye bibliograf&#xED;a</subfield>
  </datafield>
  <datafield tag="650" ind1=" " ind2="7">
    <subfield code="a">Condici&#xF3;n de trabajo</subfield>
    <subfield code="9">58033</subfield>
  </datafield>
  <datafield tag="650" ind1=" " ind2="7">
    <subfield code="a">Funcionario</subfield>
    <subfield code="9">58755</subfield>
  </datafield>
  <datafield tag="650" ind1=" " ind2="7">
    <subfield code="a">Sistema judicial</subfield>
    <subfield code="9">57452</subfield>
  </datafield>
  <datafield tag="700" ind1="1" ind2=" ">
    <subfield code="a">Corchete Figueras, Daniel</subfield>
    <subfield code="9">126065</subfield>
  </datafield>
  <datafield tag="700" ind1="1" ind2=" ">
    <subfield code="a">Alarc&#xF3;n Casermeiro, Sonia</subfield>
    <subfield code="9">129945</subfield>
  </datafield>
  <datafield tag="773" ind1="0" ind2=" ">
    <subfield code="d">Las Rozas, Madrid</subfield>
    <subfield code="g">N. 10893 (26 de febrero de 2026) - Loc. En l&#xED;nea</subfield>
    <subfield code="t">Diario La Ley</subfield>
    <subfield code="w">213918</subfield>
  </datafield>
  <datafield tag="942" ind1=" " ind2=" ">
    <subfield code="2">udc</subfield>
    <subfield code="c">AREV</subfield>
  </datafield>
  <datafield tag="999" ind1=" " ind2=" ">
    <subfield code="c">232519</subfield>
    <subfield code="d">232519</subfield>
  </datafield>
  <datafield tag="952" ind1=" " ind2=" ">
    <subfield code="0">0</subfield>
    <subfield code="1">0</subfield>
    <subfield code="2">udc</subfield>
    <subfield code="4">0</subfield>
    <subfield code="7">0</subfield>
    <subfield code="a">BC</subfield>
    <subfield code="b">BC</subfield>
    <subfield code="c">SALA</subfield>
    <subfield code="d">2026-02-26</subfield>
    <subfield code="l">0</subfield>
    <subfield code="r">2026-02-26 14:07:00</subfield>
    <subfield code="w">2026-02-26</subfield>
    <subfield code="y">AREV</subfield>
  </datafield>
</record>
